书目信息 |
| 题名: |
现代控制理论基础
|
|
| 作者: | 王照林 编 | |
| 分册: | ||
| 出版信息: | 北京 国防工业出版社 1981 |
|
| 页数: | 535页 | |
| 开本: | 25cm | |
| 丛书名: | ||
| 单 册: | ||
| 中图分类: | O23 | |
| 科图分类: | ||
| 主题词: | 控制论--数学理论 , 信息论--数学理论 , 自动控制理论 | |
| 电子资源: | ||
| ISBN: | ||
| 000 | 00689nam0 2200253 45 | |
| 001 | 0181003689 | |
| 005 | 20060414103403.78 | |
| 010 | @dCNY3.45 | |
| 091 | @a15034.2122 | |
| 100 | @a19950407d1981 em y0chiy0121 ea | |
| 101 | 0 | @achi |
| 102 | @aCN@b110000 | |
| 105 | @ay z 000yy | |
| 200 | 10 | @a现代控制理论基础@Axian dai kong zhi li lun ji chu@f王照林等编@Fwang zhao lin deng bian |
| 210 | @a北京@c国防工业出版社@d1981 | |
| 215 | @a535页@d25cm | |
| 606 | 0 | @a控制论@x数学理论 |
| 606 | 0 | @a信息论@x数学理论 |
| 606 | @a自动控制理论 | |
| 690 | @aO23 | |
| 701 | 0 | @a王照林@Awang zhao lin@4编 |
| 801 | 2 | @aCN@bNLC@c20060414 |
| 801 | 0 | @aCN@b上海图书馆@c20040520 |
| 905 | @dO23@e2 | |
| 现代控制理论基础/王照林等编.-北京:国防工业出版社,1981 |
| 535页;25cm |
| ISBN :CNY3.45 |
| ● |
| 相关链接 |
|
|
|
|
正题名:现代控制理论基础
索取号:O23/2
 
预约/预借
| 序号 | 登录号 | 条形码 | 馆藏地/架位号 | 状态 | 备注 |
| 1 | 0041121 | 001444770 | 第二样本阅览室/ [索取号:O23/2] | 在馆 | |
| 2 | 0041122 | 001444734 | 第三借阅区/ [索取号:O23/2] | 在馆 | |
| 3 | 0041123 | 202241993 | 密集书库/ [索取号:O23/2] | 在馆 |